|
|
|
|
| LEADER |
01018nam a22002537a 4500 |
| 001 |
43527 |
| 003 |
BD-DhAAL |
| 005 |
20241009151404.0 |
| 008 |
241009t au a|||| b||| 001 0 eng d |
| 020 |
|
|
|a 9780697171658
|
| 020 |
|
|
|a 0697171655
|
| 040 |
|
|
|a BD-DhAAL
|d BD-DhAAL
|
| 082 |
|
|
|a 519.5
|2 21
|
| 100 |
|
|
|a Bluman, Allan G.
|9 56956
|
| 245 |
|
|
|a Elementary statistics :
|b a step by step approach /
|c Allan G. Bluman.
|
| 250 |
|
|
|a Second edition.
|
| 260 |
|
|
|a Dubuque, IA :
|b Wm. C. Brown Publishers,
|c ©1995
|
| 300 |
|
|
|a xx, 684 pages :
|b illustrations (some color) ;
|c 27 cm.
|
| 504 |
|
|
|a Includes bibliographic references (p. 761-762) and index.
|
| 541 |
|
|
|a Donation from the Asia Foundation/ Savar Campus
|e 43527
|
| 650 |
|
|
|a Statistics.
|
| 942 |
|
|
|2 ddc
|c BK
|
| 999 |
|
|
|c 47012
|d 47012
|
| 952 |
|
|
|0 0
|1 0
|2 ddc
|4 0
|6 519_500000000000000_BLU
|7 0
|9 76685
|a SCL
|b SCL
|c GEN
|d 2024-10-09
|e Donation from the Asia Foundation/ Savar Campus
|l 0
|o 519.5 BLU
|p 3020043527
|r 2024-10-09
|t 1
|w 2024-10-09
|y BK
|x Price not available in register.
|